Faculty of Law Library — Cairo University

Official Online Catalog

Etudes Pratiques Sur Le Code Pénal. (Record no. 71176)

MARC details
000 -LEADER
fixed length control field 01305nam a2200313 i 4500
003 - CONTROL NUMBER IDENTIFIER
control field EG-GICUC
005 - DATE AND TIME OF LATEST TRANSACTION
control field 20260415171739.0
008 - FIXED-LENGTH DATA ELEMENTS--GENERAL INFORMATION
fixed length control field 260415s1891 fr ||||fr|||| 000 0 fre d
040 ## - CATALOGING SOURCE
Original cataloging agency EG-GiCUC
Transcribing agency EG-GiCUC
Modifying agency EG-GiCUC
Description conventions Rda
Language of cataloging fre
041 0# - LANGUAGE CODE
Language code of text/sound track or separate title fre
082 04 - DEWEY DECIMAL CLASSIFICATION NUMBER
Edition number 21
Classification number 343.1
Item number B L . E
092 04 - LOCALLY ASSIGNED DEWEY CALL NUMBER (OCLC)
Edition number 21
099 ## - LOCAL FREE-TEXT CALL NUMBER (OCLC)
Classification number LAW1 10 343.1 B L . E 1891
100 1# - MAIN ENTRY--PERSONAL NAME
Personal name Blanche, Antoine
Relator term Auteur
245 10 - TITLE STATEMENT
Title Etudes Pratiques Sur Le Code Pénal.
Number of part/section of a work Septième Étude Livre Quatrième,
Name of part/section of a work . Des Contraventions De Police Et De Leurs Peines: Disposi-tion Générale Sur L'abrogation Des Lois Et Réglements Relatifs Aux Matières Criminelles (Art. 464 À 484) /
Remainder of title Par Antoine Blanche ; Gustave Dutruc
250 ## - EDITION STATEMENT
Edition statement 2º Edition /
Remainder of edition statement Annotée et mise au courant de la législation et de la jurisprudence.
264 #1 - PRODUCTION, PUBLICATION, DISTRIBUTION, MANUFACTURE, AND COPYRIGHT NOTICE
Place of production, publication, distribution, manufacture paris :
Name of producer, publisher, distributor, manufacturer Imprimerie Et Librairie Générale De Jurisprudence,
Date of production, publication, distribution, manufacture, or copyright notice 1891.
300 ## - PHYSICAL DESCRIPTION
Extent 702 page, pagination diverse ؛
Dimensions 24 cm.
336 ## - CONTENT TYPE
Source rda contenu
Content type term texte
337 ## - MEDIA TYPE
Source rda medias
Media type term Ordinateur
338 ## - CARRIER TYPE
Source transporteur rda
Carrier type term Ressource en ligne
546 ## - LANGUAGE NOTE
Language note Texte en français
650 1# - SUBJECT ADDED ENTRY--TOPICAL TERM
Topical term or geographic name entry element Droit pénal
Source of heading or term qrmak
651 1# - SUBJECT ADDED ENTRY--GEOGRAPHIC NAME
Source of heading or term qrmak
700 0# - ADDED ENTRY--PERSONAL NAME
Personal name Gustave Dutruc
Relator term Contributeur
856 40 - ELECTRONIC LOCATION AND ACCESS
Uniform Resource Identifier <a href="https://fll.law.cu.edu.eg/fulltext/bks/B10-00329.pdf">https://fll.law.cu.edu.eg/fulltext/bks/B10-00329.pdf</a>
905 ## - Cataloger and Reviser Names
Cataloger Name:
942 ## - ADDED ENTRY ELEMENTS (KOHA)
Source of classification or shelving scheme Dewey Decimal Classification
Koha item type Books
Edition 21
Suppress in OPAC No
Holdings
Withdrawn status Lost status Source of classification or shelving scheme Damaged status Not for loan Collection Home library Current library Date acquired Total checkouts Full call number Barcode Date last seen Copy number Price effective from Koha item type
    Dewey Decimal Classification   Not for loan القانون الجنائي جــــامعة القــاهرة مكتبة كلية الحقوق - المبنى الرئيسي 15.04.2026   Law1 10 343.1 B L . E 2ed - 1891 1000329 V4, C1 B10-00329 15.04.2026 1 15.04.2026 Books

© All rights reserved — Faculty of Law, Cairo University